История СССР - Statistics

General Stats
  • This quiz has been taken 387 times
  • The average score is 9 of 20
Answer Stats
Вопрос Ответ % Correct
В каком году распался СССР? 1991
84%
Каким периодом мерились планы развития народного хозяйства СССР? {5} лет
74%
Какая злаковая культура была тесно связана с именем Никиты Хрущева? Кукуруза
72%
Кто автор строк: «Читайте, завидуйте, - я - гражданин Советского Союза» Владимир Маяковский
62%
Как называлась сетчатая, сплетённая из суровых нитей хозяйственная сумка? Авоська
56%
Кто из генеральных секретарей ЦК КПСС провел последнюю антиалкогольную кампанию? Михаил Горбачёв
55%
Как назывался космический корабль первого советского космонавта? «Восток»
53%
Как обычно назывался четверг в советских столовых? {Рыбный} день
53%
В какой стране в наше время существует официальная организация «Октябрята»? Белоруссия
53%
Фильмы какой советской киностудии начинались с изображения скульптуры «Рабочий и колхозница»? «Мосфильм»
52%
Как назывался обширный проект по всестороннему реформированию Советского государства? Перестройка
45%
Как звали пионера-героя, боровшегося с кулачеством в лице своего отца и поплатившегося за это жизнью? Павлик Морозов
40%
Какой орден являлся высшей наградой в СССР? Орден Ленина
38%
Как назывался популярный в СССР бальзам - средство от лечения простуды, гриппа, головной боли и некоторых других недугов? «Звёздочка»
38%
Какой был самый престижный автомобиль в СССР? «Чайка»
31%
Этот герой Советского Союза вошёл в историю, как лётчик-ас, который продолжал боевые вылеты после того, как ему были ампутированы обе ноги. Алексей Маресьев
26%
Какой однообъективный зеркальный фотоаппарат по праву считался вершиной советской фототехники? «Зенит»
25%
Как называлась всесоюзная фирма грамзаписи - монополист по производству музыкальных пластинок, созданию и хранению звукозаписей? «Мелодия»
25%
Какого числа и месяца отмечался день рождения пионерской организации? 19 мая
18%
Как называлась старейшая советская туристическая компания? «Интурист»
16%
No matching quizzes found
Score Distribution
Percent of People with Each Score
Percentile by Number Answered
Your Score History
You have not taken this quiz